| 000 | 00725nam a2200241 a 4500 | ||
|---|---|---|---|
| 001 | 73308 | ||
| 003 | BD-RjUL | ||
| 005 | 20211209082356.0 | ||
| 008 | 720531s1963 njua 000 0 eng | ||
| 035 | _a(BD-RjUL)73526 | ||
| 040 |
_aDLC _cOBgU _dOCoLC _dUk _dDLC _dBD-RjUL _beng |
||
| 041 | _aeng | ||
| 082 |
_a629.8323 _223 _bJOS 1965 |
||
| 100 | 1 |
_aJohnson, Eric R. _9216844 |
|
| 245 | 1 | 0 |
_aServomechanisms / _cEric R.Johnson |
| 260 |
_aEnglewood Cliffs, N.J.: _bPrentice-Hall, _c1963 [printing1965] |
||
| 300 |
_axii, 336 p. : _bill. ; _c24 cm. |
||
| 490 | 0 | _aElectronic technology series | |
| 650 | 0 |
_aServomechanisms. _9216225 |
|
| 830 |
_aElectronic technology series _9216849 |
||
| 942 |
_2ddc _cBK |
||
| 999 |
_c73308 _d73308 |
||